Les joueurs du Stade Brestois en Ligue 1 2019/2020 - Statistiques

Statistiques générales
  • Ce quiz a été pris 98 fois
  • Le résultat moyen est 12 sur 24
Statistiques - réponses
Poste Pays Nom % Correct
A France Gaëtan Charbonnier
89%
M Algérie Haris Belkebla
83%
D France Brendan Chardonnet
77%
A France Irvin Cardona
66%
D France Jean-Kévin Duverne
66%
M Italie Cristian Battocchio
64%
M France Hugo Magnetti
64%
M France Mathias Autret
63%
D France Romain Perraud
61%
M France Julien Faussurier
54%
D France Denys Bain
53%
G France Donovan Léon
51%
G France Donovan Léon
51%
D Cameroun Jean-Charles Castelletto
50%
M France Ibrahima Diallo
49%
M France Paul Lasne
46%
M France Hianga'a Mbock
39%
M France Yoann Court
36%
M France Samuel Grandsir
33%
D France Gaëtan Belaud
31%
M France Ferris N'Goma
30%
A Gabon Kévin Mayi
27%
A France Alexandre Mendy
23%
D France Ludovic Baal
23%
Aucun quiz correspondant
Distribution des résultats
% des personnes avec chaque résultat
Percentile par nombre de réponses
Votre historique - résultats
Vous n’avez pas pris ce quiz